00909nam a2200181 a 450000100060000000300090000600800410001502000190005604000280007510000400010324500500014326000500019350000710024350503630031465000140067765000220069165000140071315838CO-ViMGA141112s2004 ck r 000 u spa d aMEVIGACOM78577 aCO-ViMGAbspacCO-ViMGA1 aSociedad Geográfica de Colombia, 10aBOLETIN DE LA SOCIEDAD GEOGRAFICA DE COLOMBIA aBogotá, cSociedad geográfica de Colombia aSolicitar el ejemplar de la tabla de contenido. - - En : GEOGRAFIA aVOL 41 - No. 125 : Ordenamiento territorial y gestión ambiental VOL 42 - No. 126 : Geopolítica de fronteras , fronteras de Colombia VOL 43 - No. 127 : Metropolización, planeación y ordenamiento territorial VOL 43 - No. 128 : Un camino hacia el futuro VOL 46 - No. 153 : Componentes geográficos básicos para el ordenamiento territorial de Colombia14aGEOGRAFIA14aNOTAS GEOGRAFICAS14aPONENCIAS